| 000 | 00867nam a2200289I 4500 | ||
|---|---|---|---|
| 001 | 44845 | ||
| 003 | BD-RJUL | ||
| 005 | 20211209053927.0 | ||
| 008 | 160720r19751966nyu 000 0 eng d | ||
| 020 | _a0710018908 | ||
| 035 | _aBD-RJUL 44963 | ||
| 035 | _a(OCoLC)00645051 | ||
| 035 | _aGLIS00013884 | ||
| 040 |
_aKSU _cKSU _dMYG _beng |
||
| 041 | _aeng | ||
| 082 |
_223 _a302 _bNES 1975 |
||
| 099 | _aHM251.R8 | ||
| 100 | 1 |
_aNewcomb, Theodore M. _d1866-1951. _9137425 |
|
| 245 | 1 | 0 |
_aSocial psychology : _bThe study of human interaction / _cTheodore M. Newcomb |
| 260 |
_aLondon : _bRoutledge company, _c1966 [reprint 1975] |
||
| 300 |
_axvi p., 591 p. : _bill. ;l _c20 cm. |
||
| 650 | 0 |
_aSocial psychology. _9137426 |
|
| 700 |
_aTurner, Ralph H. _9137427 |
||
| 700 |
_aConverse, Philip E. _9137428 |
||
| 942 |
_2ddc _cBK |
||
| 999 |
_c44845 _d44845 |
||